| 000 | 00741cam a22002413a 4500 | ||
|---|---|---|---|
| 001 | 30682 | ||
| 003 | PGUSA | ||
| 005 | 20140828083650.0 | ||
| 008 | 091214s2009||||xxu|||||s|||||000 | eng d | ||
| 040 |
_aPGUSA _beng |
||
| 042 | _adc | ||
| 050 | 4 | _aDA | |
| 100 | 1 |
_aGifford-Bennet, Robert Ottiwell, _d1834-1902 |
|
| 245 | 1 | 0 |
_aBuxton and its Medicinal Waters _h[electronic resource] / _cRobert Ottiwell Gifford-Bennet |
| 260 |
_bProject Gutenberg, _c2009 |
||
| 506 | _aPublic domain in the USA. | ||
| 516 | _aElectronic text | ||
| 653 | _aHealth resorts -- England -- Buxton (Derbyshire) | ||
| 653 | _aMineral waters -- England | ||
| 830 | 0 |
_aProject Gutenberg _v30682 |
|
| 856 | 4 | 0 | _uhttp://www.gutenberg.org/ebooks/30682 |
| 942 | _cEB | ||
| 999 |
_c259937 _d259937 |
||